000 01119nac a22002411u 4500
008 100915t xxu||||| |||| 00| 0 eng d
010 _a 2005005176
020 _a0471740020 (pbk.)
020 _a9780471740025 (pbk.)
035 _a(OCoLC)ocm58432128
082 0 0 _a628.162
_bSAR
100 _aSarai, Darshan Singh.
_919272
245 1 0 _aWater Treatment Made Simple for Operators /
_cDarshan Singh Sarai.
260 _aHoboken, N.J. :
_bJohn Wiley,2006
_c2006.
300 _aviii, 263 p. :
_bill. ;
_c24 cm.
504 _aIncludes bibliographical references (p. 255-256) and index.
650 0 _aWater
_xPurification.
_919273
856 4 1 _3Table of contents only
_uhttp://www.loc.gov/catdir/toc/ecip058/2005005176.html
856 4 1 _3Publisher description
_uhttp://www.loc.gov/catdir/enhancements/fy0645/2005005176-d.html
856 4 1 _3Contributor biographical information
_uhttp://www.loc.gov/catdir/enhancements/fy0645/2005005176-b.html
942 _cBB
_k628.162SAR
_2ddc
999 _c2683
_d2683